000 00680cam a22002411 4500
001 sa 63000443
003 DLC
005 20260227111921.0
008 771110s1962 ii a b 001 0 eng
010 _asa 63000443
015 _aGB63-527
035 _a(OCoLC)3409503
040 _aDLC
_cAzFU
_dOCoLC
_dUk
_dDLC
042 _apremarc
050 0 0 _aLB2947
_b.M5
100 1 _aMisra, Atmanand,
_d1913-
245 1 0 _aEducational finance in India.
260 _aBombay,
_aNew York,
_bAsia Pub. House
_c[1962]
300 _axvii, 616 p.
_btables.
_c22 cm.
502 _aThesis--University of Saugar.
504 _aBibliography: p. 585-602.
650 0 _aEducation
_zIndia
_xFinance.
999 _c53491
_d53491